| 000 | 00000nas 2200000za 4500 |
| 001 | 9.501264 |
| 003 | CaOODSP |
| 005 | 20250424104950 |
| 007 | cr ||||||||||| |
| 008 | 150406c20059999oncar p o f0 b0fre|d |
| 022 | |a1719-9131|y1488-6537 |
| 040 | |aCaOODSP|bfre |
| 043 | |an-cn--- |
| 086 | 1 |aNH12-218F-PDF |
| 222 | 0|aPerspectives du marché de l'habitation. Canada |
| 245 | 00|aPerspectives du marché de l'habitation. |pCanada |h[ressource électronique]. |
| 260 | |a[Ottawa] : |bSociété canadienne d'hypothèques et de logement, |c[2005]- |
| 310 | |aAnnuel, |b2017- |
| 321 | |aTrimestriel, |b2005-2016 |
| 362 | 1 |aParaît depuis : premier trimestre de 2005. |
| 500 | |aPubl. aussi en anglais sous le titre : Housing market outlook. Canada edition. |
| 691 | 07|aLogement|2gcpds |
| 691 | 07|aMarketing|2gcpds |
| 691 | 07|aMilieu urbain|2gcpds |
| 691 | 07|aPrix|2gcpds |
| 691 | 07|aVente|2gcpds |
| 710 | 2 |aSociété canadienne d'hypothèques et de logement. |
| 775 | 08|tHousing market outlook. |w(CaOODSP)9.504862 |
| 776 | 0#|tPerspectives du marché de l'habitation - Canada |w(CaOODSP)9.513795 |
| 986 | |a61502 |